| 000 | 00513nam a2200157 a 4500 | ||
|---|---|---|---|
| 008 | 160831s2013 ||||||||||||||||| || u | ||
| 020 | _a9780755385522 | ||
| 050 | _aPS 3552.A339 F88 | ||
| 100 | _aBaggott, Julianna | ||
| 245 | 1 | 0 |
_aFuse _cBy Julianna Baggott |
| 260 |
_aLondon _bHeadline _c2013 |
||
| 300 | _a466p. | ||
| 350 | _a12.38 | ||
| 650 | _aENGLISH LANGUAGE | ||
| 995 |
_FCBU-MAIN LIBRARY (Kitwe) _I12.38 _M1 _UAVAILABLE _WOct 13, 2016 _ZFiction Collection |
||
| 999 |
_c44238 _d44238 |
||